Statistics for World cup 1974 teams

Click here to take the quiz!

General Stats

  • This quiz has been taken 640 times
  • The average score is 13 of 16

Answer Stats

HintAnswer% Correct
GROUP 2Brazil
99%
GROUP 4Argentina
97%
GROUP 1West Germany
95%
GROUP 4Italy
94%
GROUP 3Netherlands
90%
GROUP 4Poland
86%
GROUP 2Yugoslavia
86%
GROUP 1Chile
85%
GROUP 1East Germany
85%
GROUP 3Sweden
84%
GROUP 3Uruguay
83%
GROUP 2Scotland
80%
GROUP 1Australia
68%
GROUP 3Bulgaria
66%
GROUP 2Zaire
66%
GROUP 4Haiti
53%

Score Distribution

Percentile by Number Answered

Percent of People with Each Score

Your Score History

You have not taken this quiz